Stále lepšie a kvalitnejšie

Bibliographic Details
Format: Article
Language:Slovak
PhysicalDescription:Fotogr., obr.
ISSN:1335-0307
Subjects:
Online Access:http://www.parlamentnykurier.sk/kur149a150-07/41.pdf

MARC

LEADER 00000nab a2200000 a 4500
001 vtls009094343
003 SK-MaSNL
005 20260303044359.0
008 140429c2007 xo |||||||||||000 b|slo
015 |a SNBRB2007/09  |2 snkbucl 
040 |a SNKBUCL  |b slo  |c SNKBUCL  |e AACR2 
041 0 |a slo 
044 |a xo  |c SK 
080 |a 336.712  |x (437.6)  |2 2001 
245 0 0 |a Stále lepšie a kvalitnejšie  |c [rozhovor s] Dušanom Tomašecom 
300 |b Fotogr., obr. 
610 2 7 |a Slovenská záručná a rozvojová banka  |2 snkbucl  |9 238003 
700 1 |a Tomašec, Dušan  |4 ive  |9 1033289 
773 0 |t Parlamentný kuriér  |g Roč. XV, č. CXLIX-CL (2007), s. 41  |x 1335-0307 
852 |a SNK  |b KIS3GCP 
856 4 1 |u http://www.parlamentnykurier.sk/kur149a150-07/41.pdf 
958 |a SK 
999 |c 1700167  |d 1702097